1939-1950 (Record no. 98165)

MARC details
000 -LEADER
campo de control de longitud fija 00983nam a2200289 4500
001 - NÚMERO DE CONTROL
campo de control 98165
003 - IDENTIFICADOR DE NÚMERO DE CONTROL
campo de control ES-MaACL
005 - FECHA Y HORA DE LA ÚLTIMA TRANSACCIÓN
campo de control 20250815004923.0
007 - CAMPO FIJO DE DESCRIPCIÓN FÍSICA--INFORMACIÓN GENERAL
campo de control de longitud fija t|
008 - DATOS DE LONGITUD FIJA--INFORMACIÓN GENERAL
campo de control de longitud fija 050726s1971 sp ao |||| | spa d
080 ## - NÚMERO DE LA CLASIFICACIÓN DECIMAL UNIVERSAL
Número de la Clasificación Decimal Universal 930.9"1939/1950"(084)
080 ## - NÚMERO DE LA CLASIFICACIÓN DECIMAL UNIVERSAL
Número de la Clasificación Decimal Universal 930.85"1939/1950"(084)
245 00 - MENCIÓN DEL TÍTULO
Título 1939-1950
Resto del título : Años de penitencia /
Mención de responsabilidad, etc. textos, Juan Marsé ; prólogo, J. Mª Carandell.
246 3# - FORMA VARIANTE DEL TITULO
Título propio/Titulo breve Años de penitencia
Resto del título : 1939-1950
250 ## - MENCION DE EDICION
Mención de edición 1ª ed.
260 ## - PUBLICACIÓN, DISTRIBUCIÓN, ETC.
Lugar de publicación, distribución, etc. Barcelona :
Nombre del editor, distribuidor, etc. Difusora Internacional,
Fecha de publicación, distribución, etc. 1971.
300 ## - DESCRIPCIÓN FÍSICA
Extensión 344 p., [4] p.. :
Otras características físicas il. col. y n., fot. ;
Dimensiones 30 cm.
490 1# - MENCIÓN DE SERIE
Mención de serie Imágenes y recuerdos
500 ## - NOTA GENERAL
Nota general Índice.
650 04 - PUNTO DE ACCESO ADICIONAL DE MATERIA--TÉRMINO DE MATERIA
Término de materia o nombre geográfico como elemento de entrada Historia contemporánea-
Subdivisión cronológica S.XX
9 (RLIN) 13396
650 04 - PUNTO DE ACCESO ADICIONAL DE MATERIA--TÉRMINO DE MATERIA
Término de materia o nombre geográfico como elemento de entrada Historia contemporánea-
Subdivisión cronológica S.XX-
Subdivisión de forma Obras ilustradas.
9 (RLIN) 13399
700 1# - ENTRADA AGREGADA--NOMBRE PERSONAL
Nombre de persona Marsé, Juan,
Fechas asociadas al nombre 1933-2020
9 (RLIN) 77117
700 1# - ENTRADA AGREGADA--NOMBRE PERSONAL
Nombre de persona Carandell, José María.
9 (RLIN) 34957
830 0# - PUNTO DE ACCESO ADICIONAL DE SERIE-TÍTULO UNIFORME
Título uniforme Imágenes y recuerdos
9 (RLIN) 184461
852 4# - LOCALIZACIÓN
Ubicación ES-MaACL
Número de control de estantería C-42185
Holdings
Estatus retirado Estado de pérdida Estado de daño No para préstamo Biblioteca de origen Biblioteca actual Ubicación en estantería Fecha de adquisición Fuente de adquisición Total de préstamos Signatura topográfica completa Código de barras Visto por última vez Precio de reemplazo Tipo de ítem Koha
        Biblioteca del Ateneo de Madrid Biblioteca del Ateneo de Madrid Depósito 2 17/01/2008     C-42185 1102475 23/02/2023 23/02/2023 Libro impreso